Claude Rains Filmography - Statistics

General Stats
  • This quiz has been taken 4 times
    3 since last reset
  • The average score is 7 of 118
Answer Stats
Type Year Name % Correct
Film 1942 Casablanca
100%
Film 1962 Lawrence of Arabia
100%
Film 1944 Mr. Skeffington
100%
Film 1946 Notorious
100%
TV Show 1956-1962 Alfred Hitchcock Presents
50%
Film 1936 Anthony Adverse
50%
Film 1945 Caesar and Cleopatra
50%
Theater 1920 Julius Caesa
50%
Film 1939 Mr. Smith Goes to Washington
50%
Film 1944 Passage to Marseille
50%
Theater 1933 American Dream
0%
Film 1946 Angel of My Shoulder
0%
Film 1961 Battle of the Worlds
0%
Album 1948 Bible Stories for Children
0%
TV Show 1963, 1965 Bob Hope Presents the Chrysler Theatre
0%
Album 1950 Builders of America
0%
Film 1920 Build Thy House
0%
Radio Series 1952 Cavalcade of America
0%
Film 1934 Crime Without Passion
0%
Theater 1951 Darkness at Noon
0%
Film 1939 Daughters Courageous
0%
Album 1952 David and Goliath
0%
Film 1946 Deception
0%
TV Show 1964 Dr. Kildare
0%
Album 1962 Enoch Arden
0%
TV Show 1956 Eye on New York
0%
Film 1943 Forever and a Day
0%
Film 1938 Four Daughters
0%
Film 1941 Four Mothers
0%
Film 1939 Four Wives
0%
Film 1938 Gold Is Where You Find It
0%
Theater 1923-1924 Good Luck
0%
Theater 1931 He
0%
Film 1936 Hearts Divided
0%
Film 1941 Here Comes Mr. Jordan
0%
Theater 1901 Herod
0%
Film 1939 Juarez
0%
Theater 1929 Karl and Anna
0%
Film 1942 Kings Row
0%
TV Show 1956 Kraft Theatre
0%
Film 1940 Lady with Red Hair
0%
Theater 1927 Lally
0%
Theater 1904 Last of the Dandies
0%
Film 1956 Lisbon
0%
Radio Series 1942 Lux Radio Theatre
0%
Theater 1926 Made in Heaven
0%
TV Show 1953 Medallion Theatre
0%
TV Show 1960 Mel-O-Toons
0%
Theater 1931 Miracle at Verdun
0%
Film 1942 Moontide
0%
TV Show 1960 Naked City
0%
Theater 1956 Night of the Auk
0%
TV Show 1954 Omnibus
0%
TV Film 1957 On Borrowed Time
0%
TV Film 1959 Once Upon a Christmas Time
0%
Theater 1927 Out of the Sea
0%
Film 1943 Phantom of a Opera
0%
TV Show 1957 Playhouse 90
0%
TV Show 1963 Rawhide
0%
Album 1960 Remember the Alamo
0%
Theater 1919 Reparation
0%
Film 1949 Rope of Sand
0%
TV Show 1962 Sam Benedict
0%
Film 1940 Saturday's Children
0%
Film 1935 Scrooge
0%
Film 1951 Sealed Cargo
0%
TV Film 1960 Shangri-La
0%
Film 1949 Song of Surrender
0%
Short Film 1939 Sons of Liberty
0%
Film 1937 Stolen Holiday
0%
Film 1945 Strange Holiday
0%
Theater 1900 Sweet Nell of Old Drury
0%
Film 1938 The Adventures of Robin Hood
0%
TV Show 1956 The Alcoa Hour
0%
Theater 1930 The Apple Cart
0%
Theater 1929 The Camel Through the Needle's Eye
0%
Album 1946 The Christmas Tree
0%
Film 1935 The Clairvoyant
0%
Theater 1954 The Confidential Clerk
0%
Theater 1926-1927 The Constant Nymph
0%
TV Show 1962, 1963 The DuPont Show of the Week
0%
Radio Series 1949 The Ford Radio Theater
0%
Theater 1929-1930 The Game of Love and Death
0%
Theater 1911 The Gods of the Mountain
0%
Theater 1932 The Good Earth
0%
Theater 1926 The Government Inspector
0%
Film 1965 The Greatest Story Ever Told
0%
Theater 1913 The Green Cockatoo
0%
Film 1933 The Invisible Man
0%
TV Show 1956 The Kaiser Aluminum Hour
0%
Film 1935 The Last Outpost
0%
Film 1960 The Lost World
0%
Theater 1932 The Man Who Reclaimed His Head
0%
Film 1934 The Man Who Reclaimed His Head
0%
Film 1952 The Man Who Watched Trains Go By
0%
Theater 1932 The Moon in the Yellow River
0%
Film 1935 The Mystery of Edwin Drood
0%
Film 1949 The Passionate Friends
0%
TV Film 1957 The Pied Piper of Hamelin
0%
Film 1937 The Prince and the Pauper
0%
TV Show 1964 The Reporter
0%
Theater 1925 The Rivals
0%
Film 1940 The Sea Hawk
0%
Film 1947 The Unsuspected
0%
Film 1950 The White Tower
0%
Film 1941 The Wolf Man
0%
Film 1939 They Made Me a Criminal
0%
Theater 1934 They Shall Not Die
0%
Film 1937 They Won't Forget
0%
Film 1959 This Earth Is Mine
0%
Film 1945 This Love of Ours
0%
Theater 1932 Too Good to Be True
0%
Film 1963 Twilight of Honor
0%
Theater 1913 Typhoon
0%
Theater 1919 Uncle Ned
0%
TV Show 1962 Wagon Train
0%
Film 1950 Where Danger Lives
0%
Film 1938 White Banners
0%
No matching quizzes found
Score Distribution
Percent of People with Each Score
Percentile by Number Answered
Your Score History
You have not taken this quiz since the last reset